Famous last words. - Statistics

General Stats
  • This quiz has been taken 22 times
  • The average score is 4 of 17
Answer Stats
Quote Person % Correct
"You too, Brutus?" * Julius Caesar
95%
"No, you certainly can't." John F. Kennedy
60%
"I have offended God and mankind because my work did not reach the quality it should have." Leonardo Da Vinci
45%
"Hey Ram." * Mahatma Gandhi
30%
"To the strongest!" * Alexander the Great
25%
"Go on, get out – last words are for fools who haven't said enough!" Karl Marx
25%
"There is no God but Allah, and Muhammad." Saddam Hussein
25%
"Is this what has become of our Commonwealth?" Charles III
10%
"It's Good." Immanuel Kant
10%
"It's time. I finally get to go back to my country." Arno Zeeb
5%
"The Island..." * "Diri the Canoer"
5%
"I love you Mama with all my love." Emily Hutchingson
5%
"You useless people." * Enzo Quispe
5%
"Gamers, I hope I've been worth your time. Keep playing." Gabe Newell
5%
"I don't regret what happened at Haiphong, I did it to win the war at all cost." Lieutenant Colonel Lim
0%
"Please, whatever comes next, keep fighting for the kids." Malala Yousafzai
0%
"We will not despair. We will hunt and gather and we will make it." Maren Fieber
0%
No matching quizzes found
Score Distribution
Percent of People with Each Score
Percentile by Number Answered
Your Score History
You have not taken this quiz